00871nam a2200217 i 45000010005000000030009000050050017000140070003000310080041000340200018000750800016000932450259001092600067003683000035004356500010004707000028004807000028005087100051005367100033005878520033006208351ES-MaACL20250827222020.0t|920506s1991 sp ||||1| spa d a84-604-1270-9 a616.9-022.600aSIDA, un desafío para la comunidad b: Universidad del País Vasco, Cursos de Verano en San Sebastián, 2 al 6 de septiembre de 1991 / c[edición y compilación, Centro de Estudios Sociales Aplicados, Daniel Zulaika Aristi, Ricardo Usieto Atondo]. aMadrid : bCentro de Estudios Sociales Aplicados, cD.L. 1991. aIII, 264 p. : bil. ; c24 cm. 4aSIDA.1 aZulaika Aristi, Daniel.1 aUsieto Atondo, Ricardo.2 aCentro de Estudios Sociales Aplicados (Madrid)2 aUniversidad del País Vasco aES-MaACLjL-15680 bR.120158